Quizzes
Events
Quiz Creation
Community
Videos
Private Events
Remove Ads
Sign In
Join for FREE
Feedback
Dark Mode
Quiz Categories
Sports
Geography
Music
Movies
Television
Just For Fun
Miscellaneous
History
Literature
Language
Science
Gaming
Entertainment
Religion
Holiday
For Kids
Quiz Lab
Recent
Popular Today
Quiz Kudos Today
Editor Picks
Curator Picks
Quizzes by...
Day
Popularity
Type
Ratings
Length
Year
Community
Subscriptions
Recent Discussions
Orange Saloon
Badges
Playlists
Quests
Create
Leaderboards
Showdown
Live 5
Trivia Bingo
Activity
Puzzle Library
Sporcle Events
Private Events
Virtual Trivia
Globe League
Become a Host
Pub Owners
SporcleCon
Opinionation
Our Games
Videos
Blog
Mobile Apps
Partnerships
Remove Ads and Go Orange
Feedback
Music
Pop Music
The Beatles
Song
Album
Lyrics
Bands
Singers
Artist
Clip
Rock
Rap
Classical
Billboard
Country Music
Kpop
Taylor Swift
Music
Pop Music
The Beatles
Song
Album
Lyrics
Bands
Singers
Artist
Clip
Rock
Rap
Classical
Billboard
Country Music
Kpop
Taylor Swift
Random Quiz
Search Sporcle
×
Quiz Lab
Quiz Lab
Music
Spanish
Type in answers that appear in a list
Type in answers that appear in a list
Classic
Best Score? Go Orange.
Country songs in movies Stats
Can you name the the stupid things said in my spanish class?
By
fredlina
10m
25 Questions
18 Plays
18 Plays
18 Plays
Comments
Comments
Give Quiz Kudos
Give Quiz Kudos
-
- Ratings
hide this ad
Replay
Link that replays current quiz
Next Quiz
Link to next quiz in quiz playlist
You Got
0%
They Got
Avg Score
33%
Avg Friend Score
Upgrade to see
Score Distribution
Jump to the score distribution portion of the page
Score
0/25
Timer
10:00
0
Plays Today
movie
song
% Correct
Beer For My Horses
Whiskey For My Men and Beer For My Horses
66.7%
Walk The Line
Ring Of Fire
66.7%
Coalminers Daughter
Coalminers Daughter
61.1%
Cars
Life Is A Highway
61.1%
Coyote Ugly
The Devil Went Down to Georgia
55.6%
Pure Country
I Cross My Heart
55.6%
Walk The Line
I Walk The Line
55.6%
Flicka
My Little Girl
50%
Country Strong
Country Strong
50%
Flicka
The Fireman
50%
Pure Country
Heartkand
50%
Walk The Line
Folsom Prison Blues
50%
Valentines Day
Today Was A Fairytale
33.3%
movie
song
% Correct
Coyote Ugly
Cant Fight The Moonlight
27.8%
Valentines Day
Keep On Loving You
27.8%
Country Strong
Alittle Bit Longer
22.2%
Cars
Real Gone
11.1%
Broken Bridges
Crash Here Tonight
5.6%
Beer For My Horses
Off The Hillbilly Hook
5.6%
Walk The Line
Jackson
5.6%
Valentines Day
Stay Here Forever
5.6%
Cars 2
Collision Of Worlds
5.6%
Cars 2
Nobody's Fool
5.6%
Cars
Find Yourself
5.6%
Cars
My Heart Would Know
5.6%
Quiz Playlist
Details
Report
Send in Message
Add To Playlist
Classic:
Type in answers that appear in a list
Last Updated: Feb 16, 2017
Quiz Scoreboard
CHALLENGE
Sign Up to Join the Scoreboard
Show All
Scores
Hide
Comments
May contain spoilers
Recently Published
Presidents Visiting Landmarks
by Hejman
History
7m
An Introduction to Baseball
by treessimontrees
Sports
5m
Movies - When Are They Set?
by FPL_Elf
Movies
5m
More to Explore
Quiz From the Vault
Featured Blog Post
Where Did the Easter Bunny Come From?
hide this ad
You Might Also Like...
Tags
Country Quiz
Movie Titles Quiz
Singers Quiz
Song Quiz
Spanish Quiz
class
Performer
stupid
Today's Top Quizzes in Music
Browse Music
hide this ad
Today's Top Quizzes in Spanish
Browse Spanish
Top Contributed Quizzes in Music
1
Taylor Swift All Songs (2024)
2
Guess the Artist- 70s Songs
3
7-to-1: Billboard Hot 100 #1 Hits of 2010s
4
Sorting Albums and Songs
5
Taylor Swift Logic Puzzle
6
One Thing in Common: Music
7
2010s Album by Cover III
8
KPOP LOGIC QUIZ
9
Guess the Taylor Swift song (Mystery Song)
10
Guess the Artist- 80s Songs
Explore More
Trending Topics
Kpop
NBA
Marvel
Anime
Disney
Crossword
Harry Potter
Pokémon
Soccer
NFL
WWE
The Office
Song
Country
Puzzle
hide this ad
More By:
fredlina
Quiz
Plays
Rating
Category
Featured
Created
Luke Bryan songs
2,318
5.00
Music
Mar 2, 2012
Blake Shelton songs
644
Music
Mar 2, 2012
name the NCIS characters by job
538
1.00
Television
Jan 16, 2012
Trace Adkins songs
468
Music
Feb 2, 2012
Brooks and Dunn Songs
463
Music
Mar 6, 2012
Go to Creator's Profile
Score Distribution
Quiz Creator Spotlight
fredlina
Follow
Send a Message
Quizzes Created
-
Created Quiz Play Count
-
More By This Creator
Popular Quizzes Today
1
Find the US States - No Outlines Minefield
2
Find the Countries of Europe - No Outlines Minefield
3
The Countries of the World
4
Find the US States
5
Popular People in 1961
6
US States
7
Risky Map Clicking: Biggest States A-Z
8
Movies - When Are They Set?
More Music Quizzes
The Smiths Songs by Lyric
Published
Trending Quizzes
Risky Map Clicking: Least Populous States A-Z
1-10 Letter G Words
1-10 Letter F Words
Risky Map Clicking: Next State Alphabetically
Risky Map Clicking: Biggest States A-Z
Recently Updated
Leaping Animals
pecheneg
Reality TV Shows (A-Z)
bhenderson79
Rickey Henderson's Hall of Fame Teammates
pecheneg
Champions League XIs: Arsenal
pecheneg
Quick Pick: Celebrities in WWE's Hall of Fame
aduchscher
A-Z Keypad Blitz II
pecheneg
Multiple Oscar Actors
pecheneg
Mystery Phrase Blitz: Oscar 'Best Actors'
pecheneg
F. Scott Fitzgerald Novels
LTH
Pick 3 Villains
ddd62291
Trending Topics
Disney
Kpop
Harry Potter
NBA
Crossword
Marvel
Anime
Country
Soccer
The Office
NFL
Puzzle
WWE
Pokémon
Song
Your Account Isn't Verified!
In order to create a playlist on Sporcle, you need to verify the email address you used during registration. Go to your
Sporcle Settings
to finish the process.
Report this User
Report this user for behavior that violates our
Community Guidelines
.
Details:
Send Report
Go to the Sporcle.com Mobile Site →
Comments